MARC

LEADER 00000nam0a2200000 4500
001 678218
005 20250117131119.0
035 |a (RuTPU)RU\TPU\retro\36455 
035 |a RU\TPU\book\174459 
090 |a 678218 
100 |a 20250117d1979 m||y0rusy50 ca 
101 0 |a rus 
102 |a RU 
105 |a a j 001yy 
181 0 |a i   |b  e  
182 0 |a n 
183 0 |a nc  |2 RDAcarrier 
200 1 |a Электрооборудование подъемно-транспортных машин  |e учебное пособие для техникумов  |f Ю. И. Боровских, Б. П. Бусыгин 
203 |a Текст  |b визуальный  |c непосредственный 
205 |a 2-е изд., перераб. и доп. 
210 |a Москва  |c Машиностроение  |d 1979 
215 |a 184 с.  |c ил. 
283 |a volume  |2 RDAcarrier 
320 |a Список литературы: с. 182 
606 1 |a Подъемно-транспортные машины  |x Электрооборудование  |9 68611 
610 1 |a электропривод 
610 1 |a динамика 
610 1 |a электродвигатели 
610 1 |a электрические двигатели 
610 1 |a выбор 
610 1 |a аппаратура управления 
610 1 |a защита 
610 1 |a защитная аппаратура 
610 1 |a краны 
610 1 |a лифты 
610 1 |a машины непрерывного транспорта 
610 1 |a электрические схемы 
610 1 |a токоподвод 
610 1 |a учебные пособия 
675 |a 621.86-83(075.32)  |v 4 
700 1 |a Боровских  |b Ю. И.  |g Юрий Иванович 
701 1 |a Бусыгин  |b Б. П.  |g Борис Павлович 
801 0 |a RU  |b 63413507  |c 20250117  |g PSBO 
830 |a Ретро2025Каталогизация 
850 |a 63413507 
942 |c BK